[Event "9.Offene Senioren SH 2015"]
[Site "Buesum"]
[Date "2015.10.06"]
[Round "8.29"]
[White "Hellwege, Werner"]
[Black "Jensen, Helmut"]
[Result "1/2-1/2"]
[BlackElo "1923"]
[BlackTeam "Schach bei Maedler"]
[WhiteElo "1976"]
[WhiteTeam "SK Lister Turm"]

1. d4 Nf6 2. Nf3 d5 3. c4 c6 4. Nc3 h6 5. e3 Bf5 6. cxd5 Nxd5 7. Qb3 Nb6 8. e4
Bg4 9. Ne5 Be6 10. Qd1 N6d7 11. Nd3 Nf6 12. Nc5 Bc8 13. Be2 Qc7 14. Nb3 e5 15.
Be3 Bd6 16. Rc1 Qe7 17. Nb1 O-O  1/2-1/2

[Event "9.Offene Senioren SH 2015"]
[Site "Buesum"]
[Date "2015.10.06"]
[Round "8.30"]
[White "Perk, Egbert"]
[Black "Dahlhaus, Friedhelm"]
[Result "0-1"]
[BlackElo "2121"]
[BlackTeam "DJK Wacker Bergeborbeck"]
[WhiteElo "1916"]
[WhiteTeam "SK Lister Turm"]

1. Nf3 d5 2. c4 c6 3. cxd5 cxd5 4. d4 Nf6 5. g3 Bf5 6. Bg2 e6 7. O-O Nc6 8. a3
Bd6 9. Bg5 h6 10. Bxf6 Qxf6 11. Nc3 Rc8 12. Rc1 O-O 13. Qa4 Be4 14. Rfd1 a6 15.
Nxe4 dxe4 16. Ne1 Qg6 17. Rc3 Bb8 18. Qc2 f5 19. e3 Ne7 20. Qb3 Rxc3 21. bxc3 b5
22. a4 Nd5 23. axb5 axb5 24. Bf1 f4 25. Ng2 fxe3 26. fxe3 Qf7 27. Qb2 Nxc3 28.
Rc1 b4 29. Nf4 g5 30. Nh3 Nd5 31. Re1 Nxe3 32. Be2 Qf5 33. Qb3 Nd5 34. g4 Qf6
35. Rd1 Nc3 36. Bc4 Nxd1 37. Qxd1 Ba7  0-1

[Event "9.Offene Senioren SH 2015"]
[Site "Buesum"]
[Date "2015.10.06"]
[Round "8.31"]
[White "Schwetje, Siegfried"]
[Black "Schulz, Wolfgang"]
[Result "1/2-1/2"]
[BlackElo "2052"]
[BlackTeam "Hamburger SK"]
[WhiteElo "1906"]
[WhiteTeam "SC Bad Salzdetfurth"]

1. d4 Nf6 2. c4 g6 3. Nc3 Bg7 4. Nf3 O-O 5. h3 d6 6. Bf4 b6 7. e3 Bb7 8. Be2
Nbd7 9. O-O Re8 10. Qc2 e5 11. dxe5 dxe5 12. Bg3 Qe7 13. Rfd1 Rad8 14. a3 a5 15.
Rab1 Nh5 16. Bh2 f5 17. Nd5 Bxd5 18. Rxd5 Nhf6 19. Rdd1 Ne4 20. b4 axb4 21. axb4
Kh8 22. Nd2 Ndf6 23. Nxe4 Rxd1+ 24. Bxd1 Nxe4 25. Bf3 Ng5 26. Bc6 Rd8 27. b5 Nf7
28. Ra1 h6 29. Ra8 Kh7 30. Rxd8 Qxd8 31. Kf1 Qd6 32. Ke2 Qc5 33. Bg1 Nd6 34. f3
Qxc4+ 35. Qxc4 Nxc4 36. e4 Nd6 37. Kd3 Kg8 38. Be3 Kf7 39. Bd2 Bf8 40. Bc3 Bg7
41. Bd5+ Kf6 42. Bc6 Kg5 43. Bd2+ Kf6 44. Bc3 f4 45. Be1 Kg5 46. Bd7 Nb7 47. Bc6
Nd8 48. Bd7 Kf6 49. Bb4 Ne6 50. Kc4 Bf8 51. Bxe6 Bxb4 52. Bd7 Bd6 53. Kd3 Kg5
54. Ke2 Kh4 55. Kf2 Bc5+ 56. Kf1 Kg3 57. Be6 Kh4 58. Ke2  1/2-1/2

[Event "9.Offene Senioren SH 2015"]
[Site "Buesum"]
[Date "2015.10.06"]
[Round "8.32"]
[White "Nickel, Juergen"]
[Black "Kluger, Hans-Peter"]
[Result "1/2-1/2"]
[BlackElo "2015"]
[BlackTeam "SF Fallersleben"]
[WhiteElo "1899"]
[WhiteTeam "Flensburger SK"]

1. e4 c6 2. d4 d5 3. exd5 cxd5 4. Bd3 Nf6 5. c3 Nc6 6. Nf3 Bg4 7. O-O e6 8. Re1
Be7 9. Nbd2 O-O 10. Nf1 Qc7 11. Ng3 e5 12. dxe5 Nxe5 13. Be2 Nxf3+ 14. Bxf3 Be6
15. Be3 b6 16. Bd4 Ne8 17. Bg4 Bxg4 18. Qxg4 Nf6 19. Qe2 Bd8 20. Nh5 Nxh5 21.
Qxh5 Qc6 22. Qg4 Bf6  1/2-1/2

[Event "9.Offene Senioren SH 2015"]
[Site "Buesum"]
[Date "2015.10.06"]
[Round "8.33"]
[White "Kluegel, Jan"]
[Black "Ophoff, Rigobert"]
[Result "1/2-1/2"]
[BlackElo "2009"]
[BlackTeam "Rhedaer SV"]
[WhiteElo "1882"]
[WhiteTeam "SV VHS Rendsburg"]

1. d4 Nf6 2. Nf3 d6 3. Bf4 Nbd7 4. h3 c5 5. c3 g6 6. e3 Bg7 7. Nbd2 O-O 8. Be2
b6 9. Qb3 Bb7 10. O-O Qc7 11. Bh2 Rac8 12. Rfd1 Ne4 13. Nxe4 Bxe4 14. Nd2 Bb7
15. Rac1 Nf6 16. a4 Bc6 17. Ba6 Rb8 18. Qa3 Qd7 19. Ra1 Nd5 20. Be2 cxd4 21. Bg4
f5 22. Bf3 dxe3 23. fxe3 Nxe3 24. Re1 Bxf3 25. Nxf3 Nc4 26. Qb3 Rbc8 27. Nd2 d5
28. Rad1 Nxd2 29. Rxd2 e6 30. Qa2 Rfe8 31. c4 d4 32. Be5 Bxe5 33. Rxe5 Qd6 34.
Re1 Kg7 35. b3 e5 36. Qa1 Kg8 37. Qd1 Rcd8 38. g4 fxg4 39. Qxg4 Rf8 40. Qe4 Rde8
41. Rd3 Qf6 42. Qg2 Qd6 43. Qe4 Rf4 44. Qxf4 exf4 45. Rxe8+ Kg7 46. Re4 f3 
1/2-1/2

[Event "9.Offene Senioren SH 2015"]
[Site "Buesum"]
[Date "2015.10.06"]
[Round "8.34"]
[White "Schnaitmann, Herbert"]
[Black "Duijker, Bert"]
[Result "1/2-1/2"]
[BlackElo "1907"]
[BlackTeam "Veenendaal"]
[WhiteElo "1995"]
[WhiteTeam "SC Grunbach"]

1. Nc3 g6 2. g3 Bg7 3. Bg2 d6 4. d3 e5 5. f4 Ne7 6. Nf3 O-O 7. O-O c6 8. fxe5
dxe5 9. Kh1 Na6 10. Bg5 h6 11. Bd2 Nc7 12. Rb1 a5 13. a4 Ned5 14. e4 Nb4 15. Ne2
Ne6 16. Ne1 b6 17. Be3 c5 18. c3 Nc6 19. Qc2 Ba6 20. Rd1 Qc7 21. Rf2 Rad8 22.
Nc1 Rd7 23. b3 Rfd8 24. Rfd2 Rd6 25. Nf3 Qe7 26. Bf1 Qe8 27. Rf2  1/2-1/2

[Event "9.Offene Senioren SH 2015"]
[Site "Buesum"]
[Date "2015.10.06"]
[Round "8.35"]
[White "Kuehn, Peter"]
[Black "Merettig, Georg"]
[Result "1-0"]
[BlackElo "1880"]
[BlackTeam "SV Caissa Wolfenbuettel"]
[WhiteElo "1985"]
[WhiteTeam "SV Malchow"]

1. e4 Nc6 2. Nf3 b6 3. d4 e6 4. c3 Bb7 5. Bd3 Nce7 6. Qe2 Ng6 7. O-O Nf6 8. Ng5
Qe7 9. f4 h6 10. Nh3 d5 11. e5 Ne4 12. Nd2 Nxd2 13. Bxd2 O-O-O 14. b4 Nh4 15. a4
g5 16. fxg5 Rg8 17. a5 Kb8 18. axb6 cxb6 19. g3 Nf5 20. Ba6 Ba8 21. Ra2 hxg5 22.
Bb5 Rc8 23. Bd3 g4 24. Nf2 Nh4 25. Nxg4 Nf5 26. Bxf5 exf5 27. Nf6 Rg6 28. Qa6
Bh6 29. Bxh6 Rxh6 30. Rxf5 Rxc3 31. Ng8 Qc7 32. Nxh6 Rc1+ 33. Kg2 Rc2+ 34. Rxc2
Qxc2+ 35. Kh3 Bb7  1-0

[Event "9.Offene Senioren SH 2015"]
[Site "Buesum"]
[Date "2015.10.06"]
[Round "8.36"]
[White "Kaufmann, Helmut"]
[Black "Fleischer, Martin"]
[Result "1/2-1/2"]
[BlackElo "1872"]
[BlackTeam "SV Einheit Schwerin"]
[WhiteElo "1959"]
[WhiteTeam "SK Eutingen"]

1. g3 d5 2. Bg2 Nf6 3. d3 c6 4. Nf3 e6 5. O-O Nbd7 6. Nbd2 Be7 7. b3 O-O 8. Bb2
a5 9. a4 b5 10. Nd4 Qb6 11. e4 bxa4 12. Rxa4 c5 13. Ne2 Bb7 14. exd5 exd5 15.
Qa1 Bc6 16. Ra2 Bd6 17. Nc3 Bc7 18. Na4 Bxa4 19. Rxa4 Ra7 20. Rb1 Re8 21. Re1
Rxe1+ 22. Qxe1 Qe6 23. Qxe6 fxe6 24. Ra1 Kf7 25. h3 h6 26. f4 g5 27. fxg5 hxg5
28. g4 Bf4 29. Nf3 d4 30. Kf1 Nd5 31. Bc1 Bxc1 32. Rxc1 Ne3+ 33. Kf2 Kf6 34. Nd2
a4 35. bxa4 Rxa4 36. Bc6 Ra7 37. c4 Ra2 38. Ke2 Ne5 39. Be4 Ng6 40. Bxg6 Kxg6
41. Rb1 Ng2 42. Kd1 Nf4 43. Rb3 Ra1+ 44. Kc2 Ra2+ 45. Kd1 Nxh3 46. Ne4 Nf2+ 47.
Nxf2 Rxf2 48. Rb5 Rg2 49. Rxc5 Rxg4 50. Rc6 Kf7 51. Rc7+ Ke8 52. Rg7 Kf8 53. Rd7
Rf4 54. Ke2 e5 55. c5 Rf5 56. Rd5 Ke7 57. c6 g4 58. c7 Rf8 59. Rxe5+ Kd6 60. Rg5
Kxc7  1/2-1/2

[Event "9.Offene Senioren SH 2015"]
[Site "Buesum"]
[Date "2015.10.06"]
[Round "8.37"]
[White "Bars, Joachim"]
[Black "Kreie, Guenter"]
[Result "1-0"]
[BlackElo "1843"]
[BlackTeam "TuS Eichholz-Remmighausen"]
[EventDate "2015.??.??"]
[PlyCount "95"]
[WhiteElo "1945"]
[WhiteTeam "SV Heessen"]

1. d4 Nf6 2. c4 e6 3. Nf3 c5 4. e3 cxd4 5. exd4 d5 6. cxd5 Nxd5 7. Nc3 Be7 8.
Qa4+ Bd7 9. Bb5 Nb6 10. Qb3 O-O 11. O-O Nc6 12. Qc2 Nb4 13. Qb1 Bxb5 14. Nxb5 a6
15. Nc3 Rc8 16. a3 N4d5 17. Nxd5 Qxd5 18. Be3 h6 19. Qd3 Bf6 20. Rfd1 Nc4 21.
Qe2 Nd6 22. Rac1 b5 23. Qd3 Rfd8 24. Qb1 Nc4 25. Kf1 g5 26. Ne1 Qd6 27. Kg1 Qd5
28. Nc2 a5 29. b3 Nd6 30. Na1 Ne4 31. Qb2 b4 32. axb4 axb4 33. Nc2 Qb5 34. Ra1
Qe2 35. Rac1 Rc3 36. Re1 Qb5 37. f3 Nd6 38. Bd2 Rcc8 39. Nxb4 Rxc1 40. Rxc1 Nf5
41. Bc3 Nxd4 42. Kh1 Ne2 43. Bxf6 Nxc1 44. Qxc1 Ra8 45. Nc6 Qxb3 46. Ne7+ Kh7
47. h4 Qb4 48. Qc2+  1-0

[Event "9.Offene Senioren SH 2015"]
[Site "Buesum"]
[Date "2015.10.06"]
[Round "8.38"]
[White "Jung, Michael"]
[Black "Raessler, Arndt"]
[Result "1/2-1/2"]
[BlackElo "1944"]
[BlackTeam "ASV Wismar"]
[EventDate "2015.??.??"]
[PlyCount "25"]
[WhiteElo "1828"]
[WhiteTeam "SV Osnabrueck"]

1. c4 Nf6 2. Nc3 e5 3. e4 Bc5 4. h3 a6 5. Nge2 d6 6. g3 Be6 7. d3 h6 8. Bg2 Nc6
9. O-O O-O 10. Kh2 Nd4 11. Be3 Rb8 12. Rc1 Nxe2 13. Qxe2  1/2-1/2

[Event "9.Offene Senioren SH 2015"]
[Site "Buesum"]
[Date "2015.10.06"]
[Round "8.39"]
[White "Josting, Friedel"]
[Black "Blosze, Winfried"]
[Result "0-1"]
[BlackElo "1846"]
[BlackTeam "SV Grossauheim"]
[WhiteElo "1942"]
[WhiteTeam "SG Buende"]

1. d4 Nf6 2. Bf4 g6 3. Nf3 Bg7 4. e3 O-O 5. Nbd2 c5 6. c3 b6 7. h3 d6 8. Bd3
cxd4 9. exd4 Ba6 10. Bxa6 Nxa6 11. O-O Re8 12. Re1 b5 13. Qe2 Qb6 14. a4 Nd5 15.
Bg3 b4 16. c4 Ndc7 17. Nb3 Ne6 18. Red1 Rac8 19. Rac1 Nb8 20. d5 Nc5 21. Nxc5
Rxc5 22. Bf4 b3 23. Be3 Nd7 24. h4 Qb7 25. Bxc5 Nxc5 26. Ra1 Qd7 27. a5 Qg4 28.
Rab1 Bf6 29. Qf1 Rb8 30. Ng5 Qxh4 31. Nf3 Qg4 32. Ne1 Na4 33. Rd2 Rb4 34. Qe2
Qc8 35. Qe3 Qc7 36. a6 Nb6 37. Rdd1 Nxc4 38. Qe2 Qb8 39. Rdc1 Nb6 40. Qf3 Na4
41. Qh3 Kg7 42. Rc8 Qb6 43. Qd7 Bh4 44. Nd3 Rd4 45. Rf1 Rxd3 46. Qxa4 Bxf2+ 47.
Kh1 Rxd5 48. Rc3 Rh5+ 49. Rh3 Rxh3+ 50. gxh3 Bd4 51. Qe8 Bf6 52. Qc8 Bxb2 53.
Qb7 Qe3 54. Qf3 Qxf3+ 55. Rxf3 f5 56. Rxb3 Bd4 57. Kg2 Kf6 58. Rb7 g5 59. Kf3 h5
60. Rb4 Bc5 61. Rb7 e5 62. Rb8 e4+ 63. Ke2 h4 64. Rf8+ Ke5 65. Rg8 Kf4 66. Rg6
g4 67. hxg4 fxg4  0-1

[Event "9.Offene Senioren SH 2015"]
[Site "Buesum"]
[Date "2015.10.06"]
[Round "8.40"]
[White "Stecklina, Otto"]
[Black "Brandt, Fred"]
[Result "1/2-1/2"]
[BlackElo "1839"]
[BlackTeam "Koenigsjaeger Sued-West"]
[WhiteElo "1933"]
[WhiteTeam "Freibauer Wedemark"]

1. Nf3 Nf6 2. d4 e6 3. c4 d5 4. Nc3 Bd6 5. Bg5 c6 6. e3 Nbd7 7. Bd3 h6 8. Bh4
O-O 9. e4 dxe4 10. Nxe4 Be7 11. O-O Nxe4 12. Bxe7 Qxe7 13. Bxe4 Nf6 14. Bc2 b6
15. Re1 Bb7 16. Qd3 Rfd8 17. Rad1 Rd6 18. Nh4 Qc7 19. Nf3 Rad8 20. Qa3 Ba8 21.
Qe3 c5 22. dxc5 bxc5 23. Rxd6 Rxd6 24. b3 Qc6 25. Qf4 Qc7 26. h3 Qe7 27. Qe3 Nd7
28. Be4 Qd8 29. Qf4 Nb6 30. Ne5 f6 31. Nf3 e5 32. Qf5 Bxe4 33. Qxe4 Kf7 34. Qf5
Nd7 35. Kf1 g6 36. Qc2 Nf8 37. Qc1 Kg7 38. Qe3 Ne6 39. Qe4 Ng5 40. Nxg5 hxg5 41.
h4 gxh4 42. Qxh4 Rd4 43. Qg3 Rd2 44. a4 Rd3 45. Re3 Rxb3 46. Qf3 Rb1+ 47. Re1
Rxe1+ 48. Kxe1 Qa5+ 49. Ke2 Qxa4 50. Qd3 Qc6 51. Kf1 a5 52. Qd8 a4 53. Qe7+ Kh6
54. Qd8 Qe6 55. Qf8+ Kg5 56. Qxc5 f5 57. Qb4 Qd7 58. Ke2 e4 59. Qc3 Qc6 60. Qb4
Qd7  1/2-1/2

[Event "9.Offene Senioren SH 2015"]
[Site "Buesum"]
[Date "2015.10.06"]
[Round "8.41"]
[White "Juenger, Leonhard"]
[Black "Mewes, Hans-Dieter"]
[Result "1/2-1/2"]
[BlackElo "1929"]
[BlackTeam "TV Meckelfeld"]
[EventDate "2015.??.??"]
[PlyCount "82"]
[WhiteElo "1826"]
[WhiteTeam "Aachener SV"]

1. e4 d5 2. exd5 Qxd5 3. Nc3 Qd6 4. d4 Nf6 5. Nf3 a6 6. g3 b5 7. Bg2 Bb7 8. O-O
e6 9. Re1 Be7 10. Bf4 Qb6 11. Qe2 O-O 12. Rad1 Nd5 13. Nxd5 Bxd5 14. Ne5 Bxg2
15. Kxg2 c5 16. d5 exd5 17. Rxd5 Qb7 18. Qf3 Bf6 19. Rxc5 Ra7 20. Nd3 Nd7 21.
Rc6 Rc8 22. Rxc8+ Qxc8 23. Qd5 h6 24. Re2 Nb6 25. Qc5 Qb7+ 26. Kg1 Ra8 27. Qc7
Qxc7 28. Bxc7 Nd5 29. Be5 Bxe5 30. Rxe5 Rd8 31. Kf1 Kf8 32. Ke1 Rd6 33. a3 g6
34. f4 f6 35. Re4 Nb6 36. b3 Kf7 37. Ke2 h5 38. Kd2 a5 39. Kc1 Rd5 40. Kb2 Nd7
41. Re3 Nb6  1/2-1/2

[Event "9.Offene Senioren SH 2015"]
[Site "Buesum"]
[Date "2015.10.06"]
[Round "8.42"]
[White "Schmidt, Reinhard"]
[Black "Reutimann, Hans Peter"]
[Result "1/2-1/2"]
[BlackElo "1780"]
[BlackTeam "SC Duebendorf"]
[EventDate "2015.??.??"]
[PlyCount "45"]
[WhiteElo "1919"]
[WhiteTeam "SFO Warnemuende"]

1. e4 e6 2. d4 d5 3. exd5 exd5 4. Bd3 Nf6 5. Ne2 Bg4 6. f3 Bh5 7. O-O Bd6 8. Re1
O-O 9. Nd2 Nbd7 10. Nf1 c6 11. c3 Qc7 12. Bg5 Rae8 13. Qc2 Bg6 14. Neg3 Bxd3 15.
Qxd3 Re6 16. Nf5 Rfe8 17. Rxe6 Rxe6 18. Nxd6 Qxd6 19. Kf2 h6 20. Bxf6 Nxf6 21.
Re1 Rxe1 22. Kxe1 Qf4 23. Qd2  1/2-1/2

[Event "9.Offene Senioren SH 2015"]
[Site "Buesum"]
[Date "2015.10.06"]
[Round "8.43"]
[White "Riha, Peter"]
[Black "Meinke, Dietlind"]
[Result "1-0"]
[BlackElo "1931"]
[BlackTeam "MTV Leck"]
[WhiteElo "1787"]
[WhiteTeam "Schleswiger SV von 1919"]

1. d4 Nf6 2. c4 e6 3. Nf3 b6 4. g3 Bb7 5. Bg2 Be7 6. O-O O-O 7. Nc3 Ne4 8. Nxe4
Bxe4 9. Ne1 Bxg2 10. Nxg2 c5 11. d5 Qc7 12. e4 exd5 13. Qxd5 Qc6 14. Nf4 Na6 15.
a3 Bf6 16. Rb1 Rfe8 17. f3 Bd4+ 18. Kh1 Nc7 19. Qxc6 dxc6 20. b3 Red8 21. Rd1
Rd7 22. Kg2 a5 23. Kf1 Rad8 24. Ke2 Bc3 25. Rxd7 Rxd7 26. Be3 Na6 27. Rd1 Rxd1
28. Kxd1 Bb2 29. a4 g6  30. Nd3 Bg7 31. Bf4 Kf8 32. Bd6+ Ke8 33. e5 Kd7 34. Ke2
Nc7 35. Bxc7 Kxc7 36. Ke3 Kd7 37. f4 Ke6 38. Ke4 h5 39. h3 Bh6 40. g4 hxg4 41.
hxg4 Bf8 42. f5+ gxf5+ 43. gxf5+ Kd7 44. Nf4 Bh6 45. Nh5 Bf8 46. Kf4 Bh6+ 47.
Kg4 Ke7 48. Kf3 Bf8 49. Ke4 Bh6 50. f6+ Kd7 51. Kf5 Bd2 52. Ng3 Bh6 53. Ne4 Bf8
54. Ng5 Ke8 55. e6 fxe6+ 56. Kxe6 b5 57. f7+ Kd8 58. Nh7  1-0

[Event "9.Offene Senioren SH 2015"]
[Site "Buesum"]
[Date "2015.10.06"]
[Round "8.44"]
[White "Potschka, Dieter"]
[Black "Gehrmann, Dorit"]
[Result "1/2-1/2"]
[BlackElo "1915"]
[BlackTeam "SV Eutin"]
[EventDate "2015.??.??"]
[PlyCount "79"]
[WhiteElo "1791"]
[WhiteTeam "VfL Geesthacht"]

1. c4 c5 2. Nc3 g6 3. Nf3 Bg7 4. e3 Nc6 5. a3 e6 6. Be2 Nge7 7. d4 cxd4 8. exd4
d5 9. O-O dxc4 10. Bxc4 Nxd4 11. Nxd4 Qxd4 12. Qb3 O-O 13. Be3 Qe5 14. Rad1 Nc6
15. Qc2 Qa5 16. Nb5 e5 17. b4 Nxb4 18. axb4 Qxb4 19. Nc7 Bf5 20. Qb3 Qxb3 21.
Bxb3 Rac8 22. Nd5 Kh8 23. Ne7 Rc3 24. Nxf5 Rxb3 25. Nxg7 Kxg7 26. Bxa7 Ra8 27.
Bc5 Ra2 28. Rb1 Rab2 29. Rxb2 Rxb2 30. f4 Rc2 31. Bd6 exf4 32. Bxf4 Rc5 33. Rb1
b5 34. Be3 Rd5 35. Rb4 h5 36. h3 g5 37. Kf2 Kg6 38. Kf3 f6 39. g3 Rf5+ 40. Ke2 
1/2-1/2

[Event "9.Offene Senioren SH 2015"]
[Site "Buesum"]
[Date "2015.10.06"]
[Round "8.45"]
[White "Wulf, Adalbert"]
[Black "Eschweiler, Gottfried"]
[Result "1-0"]
[BlackElo "1775"]
[BlackTeam "SG Neuss"]
[EventDate "2015.??.??"]
[PlyCount "129"]
[WhiteElo "1914"]
[WhiteTeam "SV Ennigerloh-Oelde"]

1. d4 Nf6 2. Nf3 g6 3. e3 Bg7 4. Bd3 d5 5. O-O O-O 6. c4 c6 7. Qc2 a5 8. b3 Na6
9. a3 e6 10. Bb2 Re8 11. Nbd2 Bd7 12. Ne5 Nc7 13. c5 Bc8 14. f4 Rf8 15. Rf3 Nd7
16. Rh3 f5 17. Nxd7 Bxd7 18. Nf3 Ne8 19. Kh1 Nf6 20. Ne5 Be8 21. Bc3 Nd7 22. Nf3
Nf6 23. Be1 Qc7 24. Bh4 Ng4 25. Qe2 Bf7 26. Ng5 h5 27. Rf3 b6 28. h3 Nf6 29. Rc1
Rab8 30. cxb6 Rxb6 31. Bc2 Rfb8 32. Be1 R6b7 33. Rf1 Bf8 34. a4 Bb4 35. Bxb4
Rxb4 36. Bd1 Kg7 37. Rc3 Qb6 38. Kh2 Qa7 39. Rxc6 h4 40. Qe1 Rh8 41. Rf2 Rb6 42.
Rfc2 Rxc6 43. Rxc6 Ne4 44. Nxe4 dxe4 45. Qc3 Rd8 46. Be2 Kg8 47. Bb5 g5 48. Rc7
Qb8 49. g3 hxg3+ 50. Kxg3 gxf4+ 51. exf4 e3 52. Rc5 Kh7 53. Qxe3 Rg8+ 54. Kh2
Qd8 55. Qf2 Qf6 56. Rc7 Rg7 57. Rc5 Bh5 58. Rc3 Kh6 59. Re3 Qg6 60. Bc4 Re7 61.
Re5 Qf6 62. Rxa5 Rg7 63. Re5 Bf7 64. a5 Kh7 65. a6  1-0

[Event "9.Offene Senioren SH 2015"]
[Site "Buesum"]
[Date "2015.10.06"]
[Round "8.46"]
[White "Manthey, Wolfgang"]
[Black "Bendisch, Juergen"]
[Result "0-1"]
[BlackElo "1901"]
[BlackTeam "SV Hennef"]
[EventDate "2015.??.??"]
[PlyCount "86"]
[WhiteElo "1780"]
[WhiteTeam "Helmstedter SV"]

1. g3 d5 2. Bg2 e6 3. Nf3 Nf6 4. c4 c6 5. b3 Bd6 6. Bb2 Nbd7 7. O-O O-O 8. d4
Re8 9. e4 Nxe4 10. Re1 Nf8 11. Ne5 Nf6 12. Nd2 h6 13. g4 N6h7 14. h4 Nd7 15.
Ndf3 Ndf8 16. Qd3 Be7 17. h5 Ng5 18. Re3 Qc7 19. Nxg5 Bxg5 20. Rf3 f6 21. Ng6
Nxg6 22. Qxg6 Qf7 23. Qc2 Qc7 24. Re1 Qd6 25. cxd5 cxd5 26. Rc3 Bd7 27. Rc5 b6
28. Rc7 Rac8 29. Rxc8 Rxc8 30. Qg6 Be8 31. Qd3 Bf7 32. Qa6 Rc7 33. Qd3 Qc6 34.
Re2 Bc1 35. Bxc1 Qxc1+ 36. Bf1 Rc3 37. Qa6 Qg5 38. f3 f5 39. Qxa7 fxg4 40. Qb8+
Kh7 41. fxg4 Qxg4+ 42. Rg2 Qxd4+ 43. Kh1 Bxh5  0-1

[Event "9.Offene Senioren SH 2015"]
[Site "Buesum"]
[Date "2015.10.06"]
[Round "8.47"]
[White "Moeller, Peter"]
[Black "Liphardt, Bodo"]
[Result "0-1"]
[BlackElo "1892"]
[BlackTeam "SC Novartis Basel"]
[EventDate "2015.??.??"]
[PlyCount "70"]
[WhiteElo "1735"]
[WhiteTeam "ASV Wismar"]

1. d4 d5 2. Bf4 Nc6 3. e3 Nf6 4. Nc3 Bg4 5. Be2 Bxe2 6. Qxe2 e6 7. a3 Bd6 8. Qf3
O-O 9. Nge2 Ne7 10. Bg5 Nd7 11. Nb5 a6 12. Nxd6 cxd6 13. Qg3 f6 14. Bf4 e5 15.
dxe5 dxe5 16. Bh6 Nf5 17. Qh3 Nxh6 18. Qe6+ Rf7 19. Qxd5 Nb6 20. Qb3 Kh8 21. Rd1
Qc7 22. O-O Rd7 23. Rxd7 Nxd7 24. Ng3 b5 25. Rd1 Nb6 26. Qd3 Nf7 27. b3 Rd8 28.
Qe2 Rd7 29. Ne4 Nd6 30. Ng3 Qd8 31. e4 g6 32. f3 Kg7 33. Nf1 Nb7 34. Ne3 Rxd1+
35. Nxd1 Qd4+  0-1

[Event "9.Offene Senioren SH 2015"]
[Site "Buesum"]
[Date "2015.10.06"]
[Round "8.48"]
[White "Graffenberger, Wilhelm"]
[Black "Smits, Oswald"]
[Result "0-1"]
[BlackElo "1866"]
[BlackTeam "SF Taunus"]
[EventDate "2015.??.??"]
[PlyCount "106"]
[WhiteElo "1730"]
[WhiteTeam "Hamburger SK"]

1. d4 d5 2. Nf3 c6 3. e3 e6 4. Bd3 f5 5. Nbd2 Nf6 6. c4 Bd6 7. Ne5 O-O 8. O-O
Nbd7 9. Ndf3 Qc7 10. Nxd7 Nxd7 11. c5 Be7 12. b4 a6 13. a3 Rf6 14. Ng5 Rh6 15.
Nf3 g5 16. Bb2 Bf6 17. h3 Nf8 18. Ne5 Ng6 19. f4 Qg7 20. Rf3 Kh8 21. Rg3 Qe7 22.
fxg5 Bxe5 23. dxe5 Rh4 24. Be2 Bd7 25. Qd3 Rg8 26. Rd1 Nf8 27. Rf1 Rxg5 28. Rxg5
Qxg5 29. Bg4 Kg8 30. g3 Rh6 31. Bf3 Qxg3+ 32. Bg2 Rg6 33. Qe2 Qxh3 34. Rf3 Qg4
35. Qf2 Rg7 36. Kf1 Qe4 37. Qd2 Qg4 38. Qf2 Ng6 39. Bh3 Qc4+ 40. Qe2 Qe4 41. Kf2
Qh4+ 42. Kf1 Be8 43. Bg2 Qg5 44. Qf2 Nh4 45. e4 Nxf3 46. Bxf3 fxe4 47. Qg2 exf3
48. Qxg5 Rxg5 49. Bd4 Rg2 50. Bf2 Bg6 51. Ke1 Rxf2 52. Kxf2 Be4 53. Ke3 Kf7  0-1

[Event "9.Offene Senioren SH 2015"]
[Site "Buesum"]
[Date "2015.10.06"]
[Round "8.50"]
[White "Westphal-Stubbe, Siegbert"]
[Black "Linz, Stefan"]
[Result "1/2-1/2"]
[BlackElo "1695"]
[BlackTeam "SC Bad Marienberg"]
[EventDate "2015.??.??"]
[PlyCount "43"]
[WhiteElo "1822"]
[WhiteTeam "SG Ploener See"]

1. d4 g6 2. c4 Bg7 3. Nc3 d6 4. e4 Nf6 5. f3 a6 6. Be3 O-O 7. g4 Nc6 8. Bg2 e5
9. d5 Ne7 10. g5 Ne8 11. Nge2 f5 12. gxf6 Nxf6 13. Qd2 b6 14. Bh6 Bd7 15. Bxg7
Kxg7 16. b4 Nh5 17. O-O Ng8 18. f4 exf4 19. Nxf4 Nxf4 20. Rxf4 Rxf4 21. Qxf4 Qf6
22. Qxf6+  1/2-1/2

[Event "9.Offene Senioren SH 2015"]
[Site "Buesum"]
[Date "2015.10.06"]
[Round "8.51"]
[White "Bachmann, Friedrich"]
[Black "Nowack, Achim"]
[Result "0-1"]
[BlackElo "1798"]
[BlackTeam "SK Kaltenkirchen"]
[WhiteElo "1675"]
[WhiteTeam "SC Bad Salzdetfurth"]

1. e4 g6 2. Nf3 Bg7 3. Bc4 Nf6 4. e5 Nh5 5. d4 d5 6. Bb3 O-O 7. Nc3 c6 8. h3 Bh8
9. Ne2 Ng7 10. Bh6 Re8 11. Qd2 a5 12. a4 b5 13. axb5 cxb5 14. Nc3 b4 15. Ne2 Ba6
16. Nf4 Bb7 17. c3 Nf5 18. Nd3 Nxh6 19. Qxh6 Bg7 20. Qh4 bxc3 21. bxc3 Qc8 22.
Kd2 Bc6 23. Nc5 Nd7 24. Nxd7 Qxd7 25. Bc2 Reb8 26. Qf4 e6 27. Rhb1 a4 28. Rxb8+
Rxb8 29. Ne1 Ra8 30. Bd3 Qe7 31. Nc2 Qf8 32. Ke2 Qb8 33. Qc1 Bf8 34. Rb1 Qc7 35.
Ra1 Rb8 36. Rb1 Rxb1 37. Qxb1 Qa5 38. Nb4 Bd7 39. Kd2 a3 40. Na2 Bh6+ 41. Ke2
Bf8 42. g3 Kg7 43. g4 h6 44. h4 Be7 45. Qb7 Qa4 46. Qb1 Bxh4 47. f3 Bg5 48. Qb4
Qa7 49. Kf2 Be8 50. Ke2 Be7 51. Qb1 Ba4 52. f4 Qd7 53. Ke3 Bf8 54. Kf3 Kh8 55.
Ke3 Qc7 56. Kf3 Bd7 57. Ke3 Bc8 58. Kf3 Qa7 59. Ke3 Kg7 60. Kf3 Bd7 61. Ke3 Ba4
62. Kd2 Be7 63. Ke3 Be8 64. Kf3 Qc7 65. Ke3 f6 66. Kf3 fxe5 67. fxe5 Bf8 68. Kf4
Qf7+ 69. Ke3 Be7 70. Qf1 Qxf1 71. Bxf1 Ba4 72. Bd3 Bg5+ 73. Ke2 Bb3 74. Bb1 h5
75. gxh5 gxh5 76. Kf3 Kh6 77. Nc1 Bxc1 78. Kg3 a2 79. Bxa2 Bxa2 80. c4 Bxc4  0-1

[Event "9.Offene Senioren SH 2015"]
[Site "Buesum"]
[Date "2015.10.06"]
[Round "8.52"]
[White "Bordasch, Christian"]
[Black "Ludwig, Richard"]
[Result "1/2-1/2"]
[BlackElo "1670"]
[BlackTeam "SV Irxleben"]
[EventDate "2015.??.??"]
[PlyCount "40"]
[WhiteElo "1798"]
[WhiteTeam "SK Norderstedt"]

1. d4 Nf6 2. c4 e5 3. dxe5 Ng4 4. Nf3 Bc5 5. e3 Nc6 6. Bd2 Ngxe5 7. Nxe5 Nxe5 8.
Bc3 Qe7 9. a3 a6 10. Qd5 d6 11. b4 Ba7 12. c5 O-O 13. cxd6 cxd6 14. Be2 Be6 15.
Qe4 f5 16. Qc2 Rac8 17. O-O Bc4 18. Bxc4+ Nxc4 19. Qb3 Kh8 20. Rd1 Qc7  1/2-1/2

[Event "9.Offene Senioren SH 2015"]
[Site "Buesum"]
[Date "2015.10.06"]
[Round "8.54"]
[White "Eberhardt, Michael"]
[Black "Daebel, Hasso"]
[Result "1-0"]
[BlackElo "1737"]
[BlackTeam "SG Drewer"]
[EventDate "2015.??.??"]
[PlyCount "115"]
[WhiteElo "1795"]
[WhiteTeam "SC Agon Neumuenster"]

1. d4 d5 2. Bf4 Nf6 3. e3 Bf5 4. Nf3 h6 5. c4 c6 6. Nc3 e6 7. Qb3 Qb6 8. c5 Qxb3
9. axb3 Nbd7 10. b4 g5 11. Bc7 Rc8 12. Bg3 a6 13. Ne5 Be7 14. Be2 O-O 15. h4
Nxe5 16. Bxe5 Nd7 17. Bg3 gxh4 18. Bxh4 Bxh4 19. Rxh4 Kg7 20. Kd2 Rh8 21. g4 Bg6
22. f4 f5 23. Rg1 Kf7 24. Rgh1 Kg7 25. gxf5 exf5 26. Rg1 Rcg8 27. e4 Kf7 28.
exd5 Nf6 29. dxc6 bxc6 30. Bc4+ Kg7 31. Bxg8 Rxg8 32. Rh3 Rb8 33. Rhg3 Ng4 34.
d5 Rxb4 35. d6 Rxb2+ 36. Kd3 Rb7 37. Rb1 Rxb1 38. Nxb1 Kf7 39. Kd4 h5 40. Ra3
Ke6 41. Nd2 Nf6 42. Nf3 Ne4 43. Rxa6 Be8 44. Ra7 Bd7 45. Ra8 Nxd6 46. cxd6 Kxd6
47. Rh8 c5+ 48. Ke3 Kd5 49. Rxh5 c4 50. Rh1 Ba4 51. Nd4 Bd7 52. Rd1 Ba4 53. Nc2+
Kc5 54. Kd2 Bb3 55. Kc3 Ba4 56. Re1 Bxc2 57. Kxc2 Kd4 58. Re5  1-0